Strategic Decision Making in Reverse Supply Chain Network
Gespeichert in:
| 1. Verfasser: | |
|---|---|
| Weitere Verfasser: | |
| Format: | Buchkapitel |
| Sprache: | Englisch |
| Schlagworte: | |
| Tags: |
Keine Tags, Fügen Sie das erste Tag hinzu!
|
MARC
| LEADER | 00000naa$a2200000$$$4500 | ||
|---|---|---|---|
| 001 | 0095298 | ||
| 005 | 20240502083241.5 | ||
| 041 | 0 | |a eng | |
| 044 | |a RS | ||
| 245 | 1 | 0 | |a Strategic Decision Making in Reverse Supply Chain Network |c Marian Reiff, Adriana Lukáčiková |
| 500 | |a Abstrakt | ||
| 610 | 2 | 0 | |a rozhodovanie strategické |
| 610 | 2 | 0 | |a logistika |
| 610 | 2 | 0 | |a reťazce logistické |
| 610 | 2 | 0 | |a reťazce dodávateľsko-odberateľské |
| 610 | 2 | 0 | |a modelovanie |
| 100 | 1 | |a Reiff, Marian, 1978- | |
| 700 | 1 | |a Lukáčiková, Adriana, 1971- | |